Estatísticas para Cidades por satélite #2

Clique aqui para jogar o quiz

Estatísticas Gerais

  • Esse quiz foi jogado 38 vezes
  • A pontuação média é 4 de 15

Estatísticas das Respostas

Resposta% Correto
Paris
90%
Nova Iorque
63%
Toronto
57%
São Francisco
43%
Tóquio
33%
Hong Kong
30%
Meca
30%
Cidade do Cabo
27%
Seattle
23%
Nápoles
13%
Lagos
7%
Manila
7%
Marselha
7%
Nova Orleães
7%
São Petersburgo
7%

Distribuição das Pontuações

Percentil de Números Respondidos

Porcentagem de Pessoas com Cada Pontuação

Sua Pontuação Histórica

Você não jogou esse quiz